00226 a2200109 4500001000700000020000600007040001100013100003000024240002900054245002400083362000900107160125 a  cMagnum aPortes, Max de Figueiredo10aA noite do festivallpor10aA noite do festival0 a1899